00625nam a2200181 i 450000100060000000300090000600500170001500700030003200800410003510000270007624500700010326000400017330000290021350000760024270000220031871000690034085200340040981295ES-MaACL20260210163245.0t|041104s1954 sp ||||1| spa d1 aHuerta, Antonio de la.10aVariedades de batatas / cAntonio de la Huerta y Enrique Navarro. aMadrid : bA. G. Martorell, c1954. a28 h. : bil. ; c24 cm. aPrecede al tít.: Instituto Nacional de Investigaciones Agronómicas.1 aNavarro, Enrique. aInstituto Nacional de Investigaciones Agronómicas c(España) aES-MaACLj1963-F-10 bR.36311